00468nam a2200205Ia 4500003000900000008004100009040001300050040001300063041000800076100002000084100000900104245007300113250001100186260001200197260000900209300001100218300001200229490001300241490000800254IT-RoPAU120407s9999 xx 000 0 und d aIT-RoPAU cIT-RoPAU aita aValter Vecellio ccur. aIl pugno o la rosa. I radicali: gauchisti, qualunquisti, socialisti? aVerona aBertani c1979 a545 p. c21,5 cm aEvidenze v141